| 000 | 00553 a2200205 4500 | ||
|---|---|---|---|
| 005 | 20260112150653.0 | ||
| 008 | 260112b |||||||| |||| 00| 0 eng d | ||
| 020 |
_a9789390461783 _cRs. 800.00 |
||
| 040 | _aMAIN | ||
| 082 |
_a796.076171 _bM471S |
||
| 100 | _aMeena, Tilak Raj | ||
| 245 | _aSports medicine, physiotherapy and rehablitation | ||
| 260 |
_bKhel Sahitya Kendra _c2025 _aNew Delhi |
||
| 300 | _a155 | ||
| 650 | _aSports Medicine | ||
| 650 | _aRehabilitation | ||
| 650 | _aPhysiotherapy | ||
| 700 | _aNavinderpal Singh | ||
| 942 | _cBK | ||
| 999 |
_c393717 _d393717 |
||